MARC

LEADER 00000nam0a2200000 4500
001 269250
005 20231101234234.0
035 |a (RuTPU)RU\TPU\book\292423 
090 |a 269250 
100 |a 20140916d1987 m y0rusy50 ca 
101 0 |a rus 
102 |a RU 
105 |a a j 001zy 
200 1 |a Основы криохимической технологии  |e учебное пособие для вузов  |f Ю. Д. Третьяков, Н. Н. Олейников, А. П. Можаев 
210 |a Москва  |c Высшая школа  |d 1987 
215 |a 144 с.  |c ил. 
320 |a Библиогр.: с. 142 
606 1 |a Криохимическая технология  |x Основы  |2 stltpush  |3 (RuTPU)RU\TPU\subj\30934  |9 53939 
610 1 |a низкие температуры 
610 1 |a сверхнизкие температуры 
610 1 |a хладоносители 
610 1 |a хладагенты 
610 1 |a ферриты 
610 1 |a твердые электролиты 
610 1 |a катализаторы 
610 1 |a пьезокерамика 
610 1 |a криокристаллы 
610 1 |a криоэкстракция 
610 1 |a учебные пособия 
675 |a 66.01(075.8)  |v 3 
700 1 |a Третьяков  |b Ю. Д.  |g Юрий Дмитриевич 
701 1 |a Олейников  |b Н. Н.  |g Николай Николаевич 
701 1 |a Можаев  |b А. П.  |g Александр Петрович 
801 1 |a RU  |b 63413507  |c 20140916 
801 2 |a RU  |b 63413507  |c 20170222  |g RCR 
942 |c BK